| 000 | 00333 a2200133 4500 | ||
|---|---|---|---|
| 005 | 20250610060902.0 | ||
| 020 | _a0273023357 | ||
| 082 | _a339.341 JOH | ||
| 100 | _aJONES R. | ||
| 245 | _aPublic Sector Accounting | ||
| 260 |
_bPITMAN PUBLISHING LTD _c1985 |
||
| 300 |
_aViii,309p.;table _bIndex & Bibliography _c22cm |
||
| 942 |
_2ddc _cBKS |
||
| 999 |
_c3353 _d3353 |
||